Pokémon - Attacken von Altaria in KA/PU - Statistiken

Allgemein
  • Dieses Quiz wurde 3 mal gespielt
  • Das Durchschnittsergebnis liegt bei 14 aus 70
Antwortstatistiken
Antwort % Korrekt
Drachenpuls
100%
Agilität
50%
Bodycheck
50%
Bodyslam
50%
Drachenklaue
50%
Drachenstoß
50%
Draco Meteor
50%
Dunkelnebel
50%
Eisstrahl
50%
Erdbeben
50%
Feuerodem
50%
Feuersturm
50%
Flammenwurf
50%
Fliegen
50%
Furienschlag
50%
Heuler
50%
Orkan
50%
Pikser
50%
Regentanz
50%
Risikotackle
50%
Schutzschild
50%
Sonnentag
50%
Sternschauer
50%
Sturzflug
50%
Watteschild
50%
Weißnebel
50%
Wutanfall
50%
Abgesang
0%
Aero-Ass
0%
Akrobatik
0%
Auflockern
0%
Ausdauer
0%
Bodyguard
0%
Breitseite
0%
Brüller
0%
Dampfwalze
0%
Daunenreigen
0%
Delegator
0%
Doppelflügel
0%
Drachenschrei
0%
Drachentanz
0%
Erholung
0%
Erstauner
0%
Fassade
0%
Feuerwirbel
0%
Gesang
0%
Gigastoß
0%
Himmelsfeger
0%
Hitzewelle
0%
Hyperstrahl
0%
Irrlicht
0%
Kanon
0%
Knuddler
0%
Lockstimme
0%
Meteorologe
0%
Mondgewalt
0%
Notsituation
0%
Pflücker
0%
Raub
0%
Rechte Hand
0%
Rückenwind
0%
Ruheort
0%
Säuselstimme
0%
Schallwelle
0%
Schlafrede
0%
Schneelandschaft
0%
Solarstrahl
0%
Tera-Ausbruch
0%
Wegbereiter
0%
Zauberschein
0%
Keine übereinstimmenden Quizze gefunden
Verteilung der Resultate
Anzahl Personen mit jedem Resultat
Perzentil nach korrekt beantworteten Fragen
Ihre Resultats-Entwicklung
Sie haben dieses Quiz noch nicht gespielt